000 00455pab a2200169 454500
008 180718b2012 xxu||||| |||| 00| 0 eng d
100 _aBoone, Catherine
245 _aEthnic land rights in Western Ghana: Landlord - stranger relations in the democratic era
260 _c2012
300 _ap.671-693.
362 _aMay
650 _aLand tenure
700 _aDuku, Dennis Kwame
773 _aDevelopment and Change
908 _aN
909 _a96092
999 _c96092
_d96092